[Event "La Fere op"]
[Site "La Fere"]
[Date "2010.07.08"]
[Round "7"]
[White "Dagnicourt, Francis"]
[Black "Barbry, Quentin"]
[Result "0-1"]
[WhiteElo "1739"]
[BlackElo "1565"]
[PlyCount "100"]
[EventDate "2010.07.03"]
[EventType "swiss"]
[EventRounds "9"]
[EventCountry "FRA"]
[SourceTitle "CBM 137 Extra"]
[Source "ChessBase"]
[SourceDate "2010.09.01"]
[SourceVersion "1"]
[SourceVersionDate "2010.09.01"]
[SourceQuality "1"]

1. d4 d5 2. c4 c6 3. Nf3 Nf6 4. Nc3 dxc4 5. a4 Bf5 6. e3 e6 7. Bxc4 Bb4 8. 0-0 Qc7 9. Qe2 Bxc3 10. bxc3 0-0 11. Bd3 Bxd3 12. Qxd3 Nbd7 13. c4 b6 14. Bb2 Rad8 15. Qc2 c5 16. Rfd1 cxd4 17. exd4 Rc8 18. Rac1 Nb8 19. Qe2 Qc6 20. Qc2 Rfd8 21. Re1 Qc7 22. Ne5 Nc6 23. Nxc6 Qxc6 24. Re3 Rd7 25. d5 exd5 26. Bxf6 gxf6 27. Rh3 dxc4 28. Qxh7+ Kf8 29. Qh6+ Ke7 30. Re1+ Kd8 31. Qf4 Rd6 32. Rh8+ Kc7 33. Re7+ Kb8 34. Rxc8+ Kxc8 35. Qf5+ Kd8 36. Re1 Qxa4 37. h4 Rd1 38. Qxf6+ Kc8 39. Qf5+ Qd7 40. Qe4 Rxe1+ 41. Qxe1 Qe6 42. Qxe6+ fxe6 43. Kf1 Kd8 44. h5 Ke7 45. Ke2 b5 46. f4 b4 47. Kd2 a5 48. g4 Kf6 49. g5+ Kg7 50. Ke3 b3 0-1

[Event "La Fere op 8th"]
[Site "La Fere"]
[Date "2009.07.09"]
[Round "7"]
[White "Hutin, Evgueny"]
[Black "Barbry, Quentin"]
[Result "1-0"]
[WhiteElo "1919"]
[BlackElo "1564"]
[PlyCount "69"]
[EventDate "2009.07.04"]
[EventType "swiss"]
[EventRounds "9"]
[EventCountry "FRA"]
[SourceTitle "CBM 131 Extra"]
[Source "ChessBase"]
[SourceDate "2009.09.03"]
[SourceVersion "2"]
[SourceVersionDate "2009.09.16"]
[SourceQuality "1"]

1. d4 d5 2. Nf3 Nf6 3. c4 c6 4. Nc3 Nbd7 5. Bf4 dxc4 6. a4 Nb6 7. e4 Bg4 8. a5 Nbd7 9. Bxc4 e6 10. 0-0 Bb4 11. Bg5 Qc7 12. e5 Nd5 13. Ne4 0-0 14. a6 b5 15. Bb3 Qb6 16. Be3 Nb8 17. Qd3 Bf5 18. Nh4 Bxe4 19. Qxe4 Nxe3 20. fxe3 Nxa6 21. Bc2 g6 22. Qf4 Nc7 23. Rf3 Qb8 24. Qh6 Nd5 25. Raf1 Qc7 26. e4 Nb6 27. Rh3 f5 28. exf6 Qd7 29. e5 Rf7 30. Nxg6 Re8 31. Rh4 Nd5 32. Rf3 Qc7 33. Rg3 Bf8 34. Ne7+ Kh8 35. Rg8# 1-0

[Event "La Fere op 8th"]
[Site "La Fere"]
[Date "2009.07.05"]
[Round "2"]
[White "Barbry, Quentin"]
[Black "Poulain, Andre"]
[Result "1/2-1/2"]
[WhiteElo "1564"]
[BlackElo "1820"]
[PlyCount "71"]
[EventDate "2009.07.04"]
[EventType "swiss"]
[EventRounds "9"]
[EventCountry "FRA"]
[SourceTitle "CBM 131 Extra"]
[Source "ChessBase"]
[SourceDate "2009.09.03"]
[SourceVersion "2"]
[SourceVersionDate "2009.09.16"]
[SourceQuality "1"]

1. e4 c5 2. Nf3 d6 3. Nc3 Nf6 4. d4 cxd4 5. Nxd4 a6 6. Bg5 e6 7. Bd3 Be7 8. Nf3 Nc6 9. 0-0 0-0 10. Re1 Qc7 11. Qd2 b5 12. Rad1 Bb7 13. Ne2 Rac8 14. c3 Rfd8 15. Ned4 Ne5 16. Nxe5 dxe5 17. Bxf6 Bxf6 18. Nf3 Rd6 19. Qe2 Rcd8 20. Bc2 Qb6 21. Rxd6 Rxd6 22. Rd1 Be7 23. Rxd6 Qxd6 24. h3 Bd8 25. Qe3 Bb6 26. Qd3 Qxd3 27. Bxd3 f6 28. Kf1 Kf7 29. b4 Ke7 30. Nd2 g6 31. f3 f5 32. Ke2 Kf6 33. Bc2 g5 34. Nb3 h5 35. g4 fxg4 36. fxg4 1/2-1/2

[Event "La Fere op 7th"]
[Site "La Fere"]
[Date "2008.07.10"]
[Round "7"]
[White "Brelot, Loic"]
[Black "Barbry, Quentin"]
[Result "1/2-1/2"]
[WhiteElo "1848"]
[BlackElo "1700"]
[PlyCount "64"]
[EventDate "2008.07.05"]
[EventType "swiss"]
[EventRounds "9"]
[EventCountry "FRA"]
[SourceTitle "CBM 125 Extra"]
[Source "ChessBase"]
[SourceDate "2008.09.01"]
[SourceVersion "1"]
[SourceVersionDate "2008.09.01"]
[SourceQuality "1"]

1. d4 Nf6 2. g3 g6 3. Bg2 Bg7 4. Nf3 0-0 5. 0-0 d5 6. Nbd2 Bg4 7. c3 Nc6 8. Qb3 Rb8 9. Re1 e6 10. h3 Bf5 11. a4 h5 12. Ng5 e5 13. dxe5 Nxe5 14. Ndf3 Nxf3+ 15. Bxf3 Qd7 16. Bg2 c6 17. Bf4 Rbd8 18. Rad1 Qe7 19. a5 Rd7 20. Qa4 Rc8 21. Nf3 Ne4 22. Nd4 Qc5 23. Be3 Bxd4 24. Qxd4 Qxd4 25. Rxd4 a6 26. Red1 Rcd8 27. h4 Re8 28. Bxe4 Bxe4 29. Rb4 Bf5 30. Rb6 Re4 31. Rd4 Bg4 32. Kf1 Rxd4 1/2-1/2